| 000 | 02306agaaa2200313 4500 | ||
|---|---|---|---|
| 001 | 6187 | ||
| 003 | IT-RoPAU | ||
| 005 | 20220918181228.0 | ||
| 007 | d cvaizq | ||
| 008 | 50131s9999||||xx ||| | || ||und|| | ||
| 040 |
_aIT-RoPAU _cIT-RoPAU |
||
| 041 | _aITALIANO | ||
| 100 |
_aLizzani Carlo _gCodice regista SPICS: 4574 _937071 |
||
| 130 |
_aCASA DEL TAPPETO GIALLO (LA) _939069 |
||
| 245 |
_aCASA DEL TAPPETO GIALLO (LA) _cProdotto da: Bandini Filiberto -- Sceneggiatura: Battistrada Lucio Bandini Filiberto -- Diretto da: Lizzani Carlo _pCASA DEL TAPPETO GIALLO (LA) (Rif. Codice opera principale : 26187) |
||
| 250 | _aEdizione Standard | ||
| 260 |
_a(ITALIA) _bR.P.A. - RAI RADIOTELEVISIONE IT. / Distribuzione: RAI _g"1983 (1° ed.: 1984 ; Ed. Lingua Orig.: 1983)" |
||
| 300 |
_aVHS _bsonoro, col. _c89 minuti |
||
| 508 | _a"Fotografia: Giustini Giuliano; Montaggio: Cipriani Angela; Musica: Cipriani Stelvio; Sceneggiatura: Battistrada Lucio Bandini Filiberto; Scenografia: Ricci Poccetto Elena; " | ||
| 511 | _a"Josephson Erland; Romand Beatrice; Mezzogiorno Vittorio; Vukotic Milena" | ||
| 520 | _aLA VITA DI FRANCA E ANTONIO UNA GIOVANE COPPIA DI SPOSI E' TURBATA DAGLI INCUBI NOTTURNI DI LEI CHE NEL SONNO SOGNA DI AVERE RAPPORTI INTIMI COL SUO PATRIGNO PROVOCANDO IN QUESTO MODO LA GELOSIA DEL MARITO ANTONIO ORGANIZZA COSI' UN'ESPERIENZA ALLUCINANTE AIUTATO DA DUE ATTORI PSICHIATRI PER CERCARE DI GUARIRE LA MOGLIE DAI SUOI INCUBI NEL CONGEDARSI PERO' UNO DEI DUE PSICHIATRI CONSEGNA DI NASCOSTO DELL'ALTRO UNA PILLOLA NEL CASO SI DOVESSE RIPRESENTARE UNA CRISI MA LA PILLOLA E' UN POTENTE VELENO IN QUANTO IL PROFESSORE E' UN EX-INTERNATO PER UXORICIDIO IN UN MANICOMIO CRIMINALE LIBERATO E SOTTO TUTELA DELLA SUA AIUTANTE QUANDO DURANTE LA NOTTE ANTONIO ASSISTERA' ALL'ENNESIMA CRISI DELLA MOGLIE E SI ACCORGERA' CHE E' FINALMENTE GUARITA PRENDERA' LUI STESSO LA PILLOLA E MORIRA' FILM GIALLO THRILLING | ||
| 538 | _aPAL, STEREO | ||
| 546 | _aITALIANO | ||
| 650 |
_aTHRILLING _eFILMS [VHS] _xCodice MATERIA SPICS: 9960 _939070 |
||
| 700 |
_aCipriani Stelvio _e(musica) _gCodice Musica SPICS: 10828 _939071 |
||
| 700 |
_aLizzani Carlo _e(regista) _gCodice regista SPICS: 4574 _937071 |
||
| 700 |
_aSelleri Aldo _e(soggetto) _gCodice Soggetto SPICS: 25384 _939072 |
||
| 942 |
_cVH _2ddc |
||
| 999 |
_c105030 _d105030 |
||